Corporate Bonds With Fixed Coupon at Primary Market in 2022: Pairwise Comparison According to the World Regions

Analýza a zhodnotenie podnikových dlhopisov s pevnými kupónmi, ktoré boli emitované v rámci IPO (The initial Public Offering) v roku 2022 na primárnom trhu dlhopisov, vo vzťahu k siedmim hlavným svetovým regiónom, kde boli vydané.

Guardado en:
Detalles Bibliográficos
Autor principal: Sieber, Jakub, 1992-
Formato: Capítulo de libro
Lenguaje:inglés
Materias:
Etiquetas: Agregar Etiqueta
Sin Etiquetas, Sea el primero en etiquetar este registro!

MARC

LEADER 00000naa$a2200000$$$4500
001 0290377
005 20240502074449.1
041 0 |a eng 
044 |a SK 
245 1 0 |a Corporate Bonds With Fixed Coupon at Primary Market in 2022: Pairwise Comparison According to the World Regions  |c Jakub Sieber 
520 |a Analýza a zhodnotenie podnikových dlhopisov s pevnými kupónmi, ktoré boli emitované v rámci IPO (The initial Public Offering) v roku 2022 na primárnom trhu dlhopisov, vo vzťahu k siedmim hlavným svetovým regiónom, kde boli vydané. 
610 2 0 |a dlhopisy podnikové 
610 2 0 |a kupóny 
610 2 0 |a regióny 
610 2 0 |a porovnanie regionálne 
610 2 0 |a trh kapitálový 
100 1 |a Sieber, Jakub, 1992-